SUSTAINABLE agriculture and new biotechnologies

Saved in:
Bibliographic Details
Format: Book
Language:English
Published: CRC Press 2012.
Tags: Add Tag
No Tags, Be the first to tag this record!

MARC

LEADER 00000nam a22000007a 4500
008 210427b ||||| |||| 00| 0 eng d
020 |a 978-1-4398-2504-4 
245 |a SUSTAINABLE agriculture and new biotechnologies  |c Noureddine Bendeblia  |e (Advances in agroecology) 
250 |c Benkeblia, Noureddine 
260 |b CRC Press  |c 2012.   |h  Boca Raton  |i 689955  |i 689954  |l SB106 .B56Su8  |m Plant biotechnology  |m Sustainable agriculture 
942 |a lcc  |c BK  |e Adekanye, I. H.  |f 27/04/2021 
952 |0 0  |1 0  |2 lcc  |4 0  |6 SB0106 B56 S U8  |7 0  |9 2328  |a HOL  |b HOL  |c QZ  |d 2021-04-27  |l 0  |o SB106 .B56Su8  |p 2021-6182  |r 2021-04-27 00:00:00  |w 2021-04-27  |y BK 
952 |0 0  |1 0  |2 lcc  |4 0  |6 SB0106 B56 S U8  |7 0  |9 2329  |a HOL  |b HOL  |c QZ  |d 2021-04-27  |l 0  |o SB106 .B56Su8  |p 2021-6183  |r 2021-04-27 00:00:00  |w 2021-04-27  |y BK 
999 |c 1200  |d 1200